000 00342nam a22001457a 4500
008 221107b ||||| |||| 00| 0 eng d
020 _a2740312615957
041 _aeng
080 _a610.73
082 _a610.73 ROS
100 _a8
101 _aINF
245 _aCULTURAL COMPETENCY FOR THE HEALTH PROFESSIONAL
_cROSE P
942 _2udc
_cBK
999 _c58767
_d58767